|
|
|
แสดงรายละเอียดบรรณานุกรม |
|
|
Brief Record
: Get Marc (ISO 2709)
: E-mail record
: |
|
|
| LEADER 00000nam 2200000uu 4500 | |||
| 001 50204 | |||
| 003 ULIBM | |||
| 008 170704s||||||||th 000 0 tha d | |||
| 020 ^a 978 616 398 112 7 | |||
| 082 0 ^a 390.09536 ^b อ - ก | |||
| 100 0 ^a อริยา เศวตามร์ | |||
| 245 00 ^a กื่อซาหย่าละเว : การช่วงชิงพื้นที่ศักดิ์สิทธิ์และการฟื้นพลังทางวัฒนธรรมของชาวลาหู่หวีในชายแดนภาคเหนือ / ^c อริยา เศวตามร์ | |||
| 250 ^a พิมพ์ครั้งที่ 1 | |||
| 260 ^a เชียงใหม่ : ^b โครงการล้านนาศึกษามหาวิทยาลัยเชียงใหม่, | |||
| 300 ^a 97 หน้า : ^b ภาพประกอบ 150 บาท | |||
| 650 0 ^a ชาติพันธ์ุวิทยา | |||
| 999 ^aลภัสรดา แสงบุญเรือง | |||
| คุณยังไม่ได้ล็อกอิน คุณสามารถมีกิจกรรมร่วมกับเว็บไซต์ได้ แต่ต้องล็อกอินก่อน :: |
|
| สถานะ | |||||||||
| 1. | หนังสือ | 390.09536 อ - ก c.1 Barcode: 082528 | ►หนังสืออ้างอิง | On Shelf | |||||
| [แสดง 1/1 รายการ] | |||||||||

BibComment |
| คอมเมนท์ทรัพยากรรายการนี้ |
|
|
ห้องสมุดโรงเรียนสามัคคีวิทยาคม
159 ถ.บรรพปราการ ต.เวียง อ.เมือง จ.เชียงราย 57000
โทร. 053-711018 โทรสาร 053-713003